Gaming Quiz

Random Gaming or Math Quiz

Dice Math Quiz Stats

 Plays Quiz Updated Jan 5, 2018

Challenge
Share
Tweet
Score 0/21 Timer 00:30
0 Plays Today
Sum % Correct
8
69.1%
2
69%
6
68.8%
6
68.8%
4
68.7%
6
68.6%
3
68.6%
5
68.6%
11
68.5%
7
68.4%
8
68.4%
Sum % Correct
10
68.3%
4
68.2%
9
68.1%
7
68.1%
12
68.1%
8
68%
5
68%
7
68%
9
67.8%
10
67.7%

You're not logged in!

Compare scores with friends on all Sporcle quizzes.
Join for Free
OR
Log In

You Might Also Like...

Show Comments

Extras

Top Quizzes Today


Score Distribution

Your Account Isn't Verified!

In order to create a playlist on Sporcle, you need to verify the email address you used during registration. Go to your Sporcle Settings to finish the process.

Report this User

Report this user for behavior that violates our Community Guidelines.

Details: